00701nam a2200229 a 4500001001300000003000900013005001700022008004100039020002300080082001800103100001700121245005500138260003600193300000900229500003500238505001000273650003700283902000800320942000700328952011900335999001700454nice12345678IN_TiNIC20260116014606.0050524s2004 newa grp 000 0 eng  a8173046 c89500a305.8954bAST aAsthana, M D aTowards Hunger Free Indiab Agenda and Imperatives aNew Delhi bManohar Pub. c2004 a592p aincludes index and biblioraphy2 aNotes aDevelopment-Socio-Economic-India bSRS cBK 001040708StackRoom-aHMIbHMId2007-03-30g895.00l0o305.8954 ASTp020910r2007-03-30v895.00w2005-05-24yBK c16118d16118